Ricordi
সংরক্ষণ করুন:
| প্রধান লেখক: | |
|---|---|
| বিন্যাস: | গ্রন্থ |
| ভাষা: | ইতালিয় |
| প্রকাশিত: |
Milán
Garzanti
1984
|
| মালা: | I Grandi libri Garzanti, 108
|
| বিষয়গুলি: | |
| ট্যাগগুলো: |
ট্যাগ যুক্ত করুন
কোনো ট্যাগ নেই, প্রথমজন হিসাবে ট্যাগ করুন!
|
MARC
| LEADER | 00000nam a2200000 a 4500 | ||
|---|---|---|---|
| 001 | UCV7792 | ||
| 003 | CL-VaPUC | ||
| 008 | 890921e19840000IT |||||||||||||||||ita|d | ||
| 082 | 0 | 4 | |a 851 |b GUI |2 21 |
| 100 | |a Guicciardini, Francesco |e author |9 442468 | ||
| 245 | 1 | 0 | |a Ricordi |
| 300 | |a 256 p | ||
| 942 | |c BK | ||
| 945 | |d 19890921 00:00:00 | ||
| 260 | |a Milán |b Garzanti |c 1984 | ||
| 650 | 0 | |a Poesías italianas |9 265352 | |
| 583 | |a last modification |c 19890921 00:00:00 |k Rodrigo Vera | ||
| 490 | 0 | |a I Grandi libri Garzanti, 108 | |
| 999 | |c 213417 |d 213415 | ||
| 952 | |0 0 |1 0 |4 0 |6 851_000000000000000_GUI_1984 |7 0 |8 P |9 195777 |a BIBARQ |b BIBARQ |d 2019-11-14 |i 2637731 |o 851 GUI 1984 |p 2637731 |r 2025-01-20 |w 2019-11-14 |y BK |k ARQ | ||